[Event "BL2-Sued 9900"]
[Site "Germany"]
[Date "1999.10.10"]
[Round "1.7"]
[White "Reinhardt, Bernd"]
[Black "Gross, Klaus Juergen"]
[Result "1/2-1/2"]
[WhiteElo "2325"]
[BlackElo "2215"]
[PlyCount "104"]
[EventDate "1999.10.10"]
[EventType "team-tourn"]
[EventRounds "9"]
[EventCountry "GER"]
[SourceTitle "CBM 074 Extra"]
[Source "ChessBase"]
[SourceDate "2000.03.10"]
[SourceVersion "2"]
[SourceVersionDate "2000.03.10"]
[SourceQuality "1"]
[WhiteTeam "Eppingen"]
[BlackTeam "Freiburg Zaehringen"]
[WhiteTeamCountry "GER"]
[BlackTeamCountry "GER"]

1. d4 f5 2. g3 g6 3. Bg2 Nf6 4. c4 Bg7 5. Nc3 0-0 6. Nh3 d6 7. d5 Na6 8. 0-0 e5 9. dxe6 Nc5 10. Ng5 Nxe6 11. Bxb7 Rb8 12. Bf3 Nxg5 13. Bxg5 Rxb2 14. Qc1 Rb8 15. c5 dxc5 16. Nd5 c6 17. Nxf6+ Bxf6 18. Bxf6 Qxf6 19. Qxc5 Be6 20. Qxa7 Ra8 21. Qc5 Rxa2 22. Rxa2 Bxa2 23. Qxc6 Qxc6 24. Bxc6 Rb8 25. Ra1 Rb1+ 26. Rxb1 Bxb1 27. f3 Kg7 28. Bd5 Bc2 29. Kf2 Kf6 30. Ke3 Ke5 31. Bg8 h6 32. Bc4 Ba4 33. f4+ Kf6 34. Ba6 Bc2 35. Kd4 Ba4 36. Bb7 Bd1 37. Ba6 Ba4 38. h3 Bc6 39. Bc4 Bb7 40. Bd5 Ba6 41. Bf3 Bc8 42. Kc5 Ba6 43. Kd6 Bc4 44. g4 Ba6 45. e3 Bd3 46. h4 fxg4 47. Bxg4 g5 48. fxg5+ hxg5 49. h5 Be4 50. Kc5 Bc2 51. Kd4 Bb1 52. Bf3 Kf5 1/2-1/2